|
|
|
|
| LEADER |
00000nam1a2200000 4500 |
| 001 |
95746 |
| 005 |
20231101214028.0 |
| 035 |
|
|
|a (RuTPU)RU\TPU\book\102509
|
| 090 |
|
|
|a 95746
|
| 100 |
|
|
|a 20060503d1983 m y0rusy50 ca
|
| 101 |
0 |
|
|a rus
|
| 102 |
|
|
|a RU
|
| 200 |
1 |
|
|a Избранные труды
|e в 2 т.
|f Б. Н. Петров
|g Академия наук СССР (АН СССР), Институт проблем управления им. В. А. Трапезникова (ИПУ)
|
| 210 |
|
|
|a Москва
|c Наука
|d 1983
|
| 700 |
|
1 |
|a Петров
|b Б. Н.
|c российский ученый в области автоматического управления
|c академик АН СССР (1960)
|f 1913-1980
|g Борис Николаевич
|2 stltpush
|3 (RuTPU)RU\TPU\pers\15135
|9 5224
|
| 712 |
0 |
2 |
|a Академия наук СССР (АН СССР)
|b Институт проблем управления им. В. А. Трапезникова (ИПУ)
|c (Москва)
|2 stltpush
|3 (RuTPU)RU\TPU\col\6782
|
| 801 |
|
1 |
|a RU
|b 63413507
|c 20060503
|g PSBO
|
| 801 |
|
2 |
|a RU
|b 63413507
|c 20160328
|g RCR
|
| 942 |
|
|
|c BK
|